[Event "2017 CCCSA GM/IM Norm Invitational"]
[Site "B"]
[Date "2017.03.30"]
[Round "2"]
[White "Kleinman, Michael"]
[Black "Vigorito, David"]
[Result "1-0"]
[WhiteElo "2289"]
[BlackElo "2370"]
[Annotator "John Upper"]
[PlyCount "61"]
[EventDate "2017.??.??"]

{[%mdl 32768] A Caro-Kann Panov-Botvinnik attack turns into a standard IQP
position where White gets a very strong, and very thematic, sacrificial attack
on the light squares.} 1. e4 c6 2. d4 d5 3. exd5 cxd5 4. c4 Nf6 5. Nc3 Nc6 {[#]
} 6. Bg5 (6. Nf3 Bg4 7. cxd5 Nxd5 8. Qb3 {is the start of the well-worn
"Endgame Variaiton", which continues} Bxf3 9. gxf3 e6 10. Qxb7 Nxd4 11. Bb5+
Nxb5 12. Qc6+ Ke7 {and Black is reckoned to be OK. ... though here's a crazy
recent result to remind White players to stay alert:} 13. Qc5+ Ke8 14. Qxb5+
Qd7 15. Nxd5 exd5 16. Qb3 Bd6 17. O-O Rb8 18. Qe3+ Kf8 19. Rd1 $4 Qh3 {White
resigned since the only way to stop the mate (f4) loses the Rd1 to ...Qg4+;
Riazantsev,A (2671)-Jakovenko,D (2709) Sharjah, 2017.}) 6... dxc4 7. Bxc4 (7.
d5 {is the other main option for White:} Ne5 8. Qd4 h6 $1 $13) 7... h6 $1 ({
It's risky to take the d-pawn} 7... Qxd4 8. Qxd4 Nxd4 9. O-O-O e5 10. f4 Bg4
11. Nf3 Bxf3 12. gxf3 $13 {When White has a significant lead in development; e.
g. Mamedyarov,S (2736)-Sethuraman,S (2640) Baku, 2015 (1-0, 41).}) 8. Bh4 (8.
Be3 {is a much less dynamic way of using the IQP,} e6 9. Nf3 Bd6 10. O-O O-O
11. Qd2 Ne7 $1 12. Rad1 a6 13. Bd3 Nf5 14. Bf4 $11 {(½-½, 30) Kamsky,G (2740)
-Eljanov,P (2678) Moscow, 2013.}) 8... e6 {Safer than ...Qxd4, as at move 7.}
9. Nf3 Be7 10. O-O O-O {[#]} 11. a3 $1 (11. Rc1 b6 12. Bd3 Bb7 13. Bb1 Rc8 14.
Re1 Re8 15. a3 Nh5 16. Qc2 Bxh4 17. Qh7+ $2 (17. d5 $8 $13) 17... Kf8 18. d5
Bg5 $4 (18... Nd4 $1 19. Nxd4 Bxf2+ $8 20. Kxf2 Qh4+ $19) 19. Rcd1 $8 $18 Qf6
20. d6 g6 21. Nxg5 Rcd8 (21... hxg5 22. Ne4 $18) 22. Nxe6+ $1 $18 {1-0
Naiditsch,A (2674)-Eljanov,P (2761) Sibenik, 2010.}) 11... b6 12. Qd3 Bb7 13.
Rfe1 {[#] A nearly standard IQP position, which can also arise out of an
e3-Nimzo. ...h6 (rather than ...g6 to defend a battery along the b1-h7
diagonal) weakens Black's kingside light squares, which White exploits nicely.}
Rc8 (13... Nh5 14. Bg3 Nxg3 15. hxg3 Bf6 16. d5 exd5 17. Nxd5 Bxb2 $6 (17...
Kh8 {(1-0, 82) Kobalia,M (2666)-Riazantsev,A (2689) Moscow, 2011.}) 18. Rad1
Na5 $2 19. Ne7+ $1 Kh8 20. Qf5 $8 $18 Qxd1 (20... Qc7 21. Ng5 $1 $18) 21. Rxd1
Bxf3 22. Bd3 {1-0 Gulko,B (2533)-Krush,I (2489) Rockville, 2013.}) 14. Bb3 Nh5
$1 15. Bg3 (15. Bxe7 Nxe7 16. g3 (16. Rad1 $2 Nf4 17. Qe3 Nxg2 $1 18. Kxg2 Nf5
19. Qf4 Nh4+ $19) 16... Nf6 17. Rad1 Ned5 $15) 15... Bf6 16. Bc2 g6 {[#]} 17.
Rxe6 $1 $13 {[%mdl 128] This works only because ...h6 has weakened g6.} Nxg3 $1
{One of only two moves which don't immediately lose.} ({Not} 17... fxe6 $4 18.
Qxg6+ Ng7 19. Ne5 $1 $18 Bxe5 $140 20. Qh7+ Kf7 21. Bg6+ Ke7 22. dxe5 $18) (
17... Nxd4 $1 18. Nxd4 (18. Rxf6 $6 Nxc2 $8 19. Rd6 (19. Rxg6+ {looks tempting,
but Black is better after} fxg6 20. Qxg6+ Ng7 21. Qxc2 Bxf3 22. gxf3 Rxf3 $17)
19... Nxa1 20. Rxd8 Rfxd8 $15) (18. Rd6 Nxf3+ 19. gxf3 Qe8 $1 $13) 18... Qxd4
19. Qxd4 Bxd4 20. Re7 $11 Bxc3 21. bxc3 Rxc3 22. Bxg6 $11) 18. hxg3 Bg7 19. Re4
Ne7 20. Rf4 {Stopping ...Nf5, which would now lose to Rxf5.} Qc7 21. Re1 Rcd8
22. Ne5 {[#]} Nc6 $2 (22... Bxe5 23. Rxe5 Qxe5 24. dxe5 Rxd3 25. Bxd3 {and
White is up a safe pawn.}) (22... Nd5 23. Nxd5 (23. Rh4 Nxc3) 23... Bxd5 $14)
23. Qc4 $16 {Good, but not nearly the best.} (23. Nxf7 $3 $18 {this second
strike on the light squares would end the game:} Rxf7 (23... Rxd4 24. Qxg6 $18
{is mating.}) 24. Bb3 Ne5 25. Rxe5 Bxe5 (25... Qxe5 26. Qxg6 $18) 26. Qxg6+ $18
{with total ownership of the light squares.}) 23... Qe7 {Pinning the N to e1}
24. Bxg6 $1 Bxe5 25. dxe5 Nxe5 {[%mdl 64] [#]Critical Position} 26. Rxe5 $4 {
Giving away most of White's advantage.} (26. Bxf7+ $1 Kh8 (26... Rxf7 $2 27.
Rxe5 $18) (26... Qxf7 27. Rxe5 Qxc4 28. Rxc4 {and White is up two pawns with a
much safer K.}) 27. Qe2 Rxf7 28. Rxf7 Qxf7 29. Qxe5+ $18 {also with an extra
two pawns and huge initiative.}) (26. Rxf7 $3 {putting yet a third piece en
prise to the N would have been a worthy finish:} Nxc4 27. Rexe7 Rfe8 (27...
Rxf7 28. Bxf7+ Kf8 29. Rxb7 $18) 28. Rg7+ Kh8 29. Rh7+ Kg8 30. Reg7+ Kf8 31.
Rxb7 $18) 26... Qxe5 27. Rxf7 Bd5 $8 28. Nxd5 {[#]} Qxd5 $4 (28... Rxf7 $8 29.
Bxf7+ Kxf7 $14 {and there are no particularly useful discovered checks, though
White's extra pawns and protected K give him the easier game.}) 29. Qc7 $1 $18
Rfe8 30. Rg7+ Kf8 31. Rh7 1-0

[Event "Carnival"]
[Site "Quebec"]
[Date "2017.02.19"]
[Round "4"]
[White "Sambuev, Bator"]
[Black "Le Siège, Alexandre"]
[Result "1/2-1/2"]
[WhiteElo "2605"]
[BlackElo "2567"]
[Annotator "Bator Sambuev"]
[PlyCount "115"]
[EventDate "2017.??.??"]
[EventType "swiss"]
[EventRounds "5"]
[EventCountry "CAN"]

{[%mdl 32768]} 1. d4 Nf6 2. Nf3 d5 3. e3 {Trying to play a Zukertort.} g6 {
But now I get Grunfeld or, if you want, Catalan reversed.} 4. c4 Bg7 5. Nc3 O-O
6. Be2 c5 7. dxc5 {[#]} (7. O-O {leads to Tarrasch reversed, another opening
in my repertoire.}) 7... dxc4 (7... Qa5 {is the main line. I think White's
extra move (Be2) should tell in some circumstances. For example:} 8. cxd5 Nxd5
9. Qxd5 Bxc3+ 10. Bd2 Rd8 11. Qxd8+ $5 Qxd8 12. Bxc3 {and compared to the same
line in the Catalan, White already may castle. I think in such a position this
should be important.}) 8. Qxd8 Rxd8 9. Bxc4 {On the other hand, now I lose my
extra tempo, and the position is equal.} Nbd7 10. c6 bxc6 11. Bd2 (11. O-O {
would be more accurate, but I didn't want to evacuate my king from the centre
too early.}) 11... Nb6 (11... Ng4 {now could be unpleasant.}) 12. Be2 c5 13.
Rc1 ({Following a wrong plan. After} 13. O-O Bb7 14. Rfd1 {I have a chance to
trade some pieces and then attack Black's weak pawns.}) 13... Bb7 14. b3 a5 {
[#]} 15. Bb5 {This is the point of my plan. Here I already was optimistic. If
I manage to complete development, Black's pawns on a5 and c5 will become
targets. But, after some thinking, Alexandre found very strong regrouping.}
Rdc8 16. O-O Ne8 $1 (16... c4 {allows Black to get rid of the c-pawn, but not
the a-pawn.}) 17. Be2 Nd6 18. Rc2 c4 19. Rfc1 {[#] It looks like it's going to
be another boring grandmaster draw. But suddenly it becomes very sharp.} Nd5 $5
{Not the best move -- 19...a4 -- but eventually we get a very interesting
study-like ending.} 20. Nxd5 (20. Na4 Nb4 (20... c3 {also leads to a draw, but
requires some accuracy:} 21. Bxc3 Bxc3 22. Nxc3 Nb4 23. Rb2 Bxf3 24. gxf3 Rc7
$1 25. a3 Rac8 $1 $11 26. Rd1 Rxc3 27. axb4 axb4 28. Rd4 $11) 21. Bxb4 cxb3 $1
22. Rxc8+ Rxc8 23. Rxc8+ Nxc8 24. axb3 axb4 {Black is slightly better due to
the bishop pair, but most likely it's a draw. I found one trick that Alexandre
missed playing 19... Nd5. Unfortunately for me I missed another intermediate
move that led me to lost position.}) 20... Bxd5 21. Bxc4 $2 ({After} 21. Nd4 {
it's still equal. But I realized my mistake too late.}) 21... Nxc4 ({Here
Alexandre noticed that on} 21... Be4 $2 22. Bxf7+ $1 {wins! But...}) 22. e4 {
[#]} Bb2 $1 (22... Bxe4 $2 23. Rxc4 Rxc4 24. Rxc4 {Black should be OK due to
the bishop pair, but a pawn is a pawn.}) 23. Rd1 ({editor -} 23. bxc4 $2 Bxc1
24. exd5 Bxd2 25. Nxd2 Rab8 $19 {White's pawns aren't going anywhere.}) 23...
Bxe4 24. Rxc4 Rxc4 25. bxc4 Rd8 $1 {This is the problem. This pin should
secure Black some material advantage.} 26. Kf1 Bd3+ 27. Kg1 {[#] White cannot
do anything else.} Be4 {Black tries to win the c-pawn while keeping a-pawns on
the board. That would be deadly for White.} (27... Bxc4 28. Rb1 Bf6 29. Bxa5 {
with drawing chances.}) 28. Kf1 a4 29. Ne1 Bb7 30. Nc2 Ba6 31. Ne3 f5 {The
last few moves were more-or-less logical. I understood that passive defence
most likely leads to a loss and prepared one interesting trap.} 32. Ke1 f4 33.
Nd5 Bxc4 34. Bc1 $1 {[#]} Rxd5 ({It looks like my last move came as surprise
for Alexandre. Black's position is still winning after:} 34... Rb8 {but what
if Black simply wins second pawn?}) 35. Rxd5 Bxd5 36. Bxb2 Bxa2 {A key factor
is that a1 is the wrong corner for Black's B. My task is to trade as many
pawns as possible. So...} 37. h4 $1 Bd5 {[#]} 38. Kf1 $3 ({The whole point.
When I calculated 32.Ke1 with this ending I understood, that} 38. g3 fxg3 39.
fxg3 {might be dangerous because Black may attack g3. The problem is that
after losing my g-pawn (say, Black trades it for his e-pawn) I probably lose
my h-pawn. But if there is only one pawn on the kingside then I can move my
king toward the a1 corner and give up my bishop for the g-pawn. That's why I
think it's so important to trade h-pawns.}) 38... Kf7 ({After} 38... h6 39. Bc1
g5 40. hxg5 hxg5 41. g3 fxg3 (41... e5 42. Bb2) 42. fxg3 g4 {Black can't even
attack g3.}) 39. Be5 f3 40. g3 {Now it's elementary because e-pawn is
absolutely harmless.} Ke6 41. Bb2 Bc4+ 42. Ke1 Kd5 43. Kd2 e5 44. Kc3 e4 45.
Bc1 a3 46. Be3 {[#] The remaining moves don't require any comment.} Kc6 47. Bc1
Kb5 48. Be3 Ka4 49. Bc1 Bd3 50. Be3 Be2 51. Bc1 a2 52. Kb2 Bc4 53. Be3 Be6 54.
Bd4 Kb4 55. Be3 Bb3 56. Bd4 Kc4 57. Be3 Kd3 58. Bc5 {From my point of view, a
very instructive ending.} 1/2-1/2

[Event "Carnival"]
[Site "Quebec"]
[Date "2017.02.19"]
[Round "5"]
[White "Poulin, Mathieu"]
[Black "Sambuev, Bator"]
[Result "0-1"]
[WhiteElo "2165"]
[BlackElo "2584"]
[Annotator "Bator Sambuev"]
[PlyCount "56"]
[EventDate "2017.??.??"]
[EventType "swiss"]
[EventRounds "5"]
[EventCountry "CAN"]

{It was must-win game because it was obvious that LeSiege should win with
white pieces.} 1. d4 {[%mdl 32768]} Nf6 2. c4 e6 3. Nc3 Bb4 4. e3 c5 5. Nge2 {
[#]} b6 ({Usually I play here} 5... cxd4 6. exd4 d5 (6... O-O 7. a3 Be7 {
is also an option.}) 7. a3 Be7 8. cxd5 Nxd5 9. Nxd5 exd5 {but it's not a
position for must-win game. So I recalled one interesting line that I used to
play many years ago.}) 6. a3 Ba5 7. Rb1 Na6 {Black's way of development looks
weird but it makes sense. 5.Nge2 has only one idea: to avoid doubling of pawns.
If I simply don't take the knight then I have some lead in development.} 8. f3
O-O {[#]} 9. e4 (9. d5 {is the most logical move - it's better to keep centre
closed. It's interesting that I played this position as White:} d6 10. Kf2 Rb8
11. e4 exd5 12. exd5 Bf5 13. Ra1 Nc7 14. Ng3 Bg6 15. h4 Bxc3 16. bxc3 h5 {
and now} 17. a4 {would have secured White comfortable advantage.} (17. Bg5 b5
$132 {(½-½, 81) Sambuev,B (2491)-Kovalyov,A (2557) Quebec Open, 2009.})) 9...
d5 {The only way to exploit and advantage in development is to attack. And you
need open files for this.} 10. cxd5 exd5 11. e5 Ne8 {[#]} 12. Ng3 ({Formally,
a novelty.} 12. Kf2 Nec7 13. Ng3 f6 14. exf6 Qxf6 $15 {(0-1, 31) Granda Zuniga,
J (2599)-Ibarra Jerez,J (2496) Barcelona, 2008. That's approximately what I
was intending to do.}) 12... Nec7 13. Be3 f5 ({But now I changed my mind.} 
13... f6 {still more logical and stronger.}) 14. f4 Ne6 15. Nge2 {[%mdl 64]
The text move has a clear idea: White is three moves from significant
advantage (g3, Bg2, 0-0). What to do? [#] Critical Position} ({But Black's
reply shows that it is a serious mistake. White should complete development
even at the cost of a pawn:} 15. Bb5 cxd4 16. Bxd4 Bxc3+ 17. bxc3 Nxf4 18. O-O
Ng6 {with good compensation.}) 15... Rb8 $3 {The winning move! I'm kidding, of
course; Black doesn't win, but it allows me to reach the main goal: to blow up
the centre! It took more than 20 minutes to find this move. After considering
all the "normal" moves and being not satisfied by the results I concentrated
on the main goal: how to put more pressure on d4. I can switch the Queen or
Bishop via b6, but it's still not enough. Eventually I found another piece! I
think from practical point of view it's the best move, 'cause it makes White
calculate a lot and to solve difficult problems.} 16. g3 b5 17. Kf2 $2 ({
And White immediately makes a mistake. After} 17. Bg2 b4 18. axb4 Rxb4 {
there is no way to hold the centre:} 19. Bxd5 (19. O-O $2 cxd4 20. Nxd4 Rxd4
21. Bxd4 Nxd4 $17) 19... cxd4 20. Bxe6+ (20. Nxd4 Qxd5 21. Nxd5 Rxd4+ {and
probably a draw.}) 20... Bxe6 21. Nxd4 Bc4 22. Kf2 (22. Nc6 $2 Qa8 $19) 22...
Bb6 {the position is very complicated.}) 17... b4 18. axb4 Rxb4 {[#]} 19. Bg2
$4 {And now the decisive mistake.} ({editor -} 19. dxc5 $1 {is the saving move,
because} d4 {does not win a piece after} ({Instead of ...d4, Black should try} 
19... Naxc5 20. Nxd5 (20. Qxd5 $4 Ne4+ $1 21. Kg2 Nxc3 22. Qxd8 Bb7+ $19 {
Black will be up a piece with both White's Rs hanging.}) 20... Ne4+ 21. Kg1 $44
{Black is still down a pawn, but White's development is woeful.}) 20. Nxd4 Nxd4
21. Na2 $1 {and the Rb4 has no safe square.}) 19... cxd4 20. Nxd4 Rxd4 21. Bxd4
Nxd4 {[#] The rest is simple.} 22. Nxd5 (22. Qxd4 $2 Bb6 $19 {of course.})
22... Be6 23. b4 Bb6 24. Ne3 Nc7 25. Qd3 Rf7 26. Rhd1 Rd7 27. Kf1 Ndb5 28. Qxd7
Bxd7 {For some reason my opponent made another several moves, but let's say he
resigned here.} 0-1

[Event "2017 CUCC"]
[Site "Ottawa"]
[Date "2017.01.14"]
[Round "5.2"]
[White "Kleinman, Michael"]
[Black "Qin, Joey"]
[Result "1-0"]
[WhiteElo "2350"]
[BlackElo "2481"]
[Annotator "Joey Qin"]
[PlyCount "52"]
[EventDate "2017.??.??"]
[EventCountry "CAN"]

{[%mdl 32768]} 1. e4 c5 2. Nf3 d6 3. d4 cxd4 4. Qxd4 {[#]} a6 {Allowing White
to construct a Maroczy but planning to take advantage of the fact that White
will not have the ideal piece positioning.} (4... Nc6 5. Bb5 Bd7 6. Bxc6 Bxc6
7. Nc3 Nf6 8. Bg5 e6 9. O-O-O Be7 10. Rhe1 O-O 11. Kb1 {It's not easy for
Black to find good play. He will constantly have to worry about the d6-pawn.
editor - this postion has been played hundreds of times, with White scoring
decently. I have included two games where two Tactical Giants lost as Black:}
Qa5 12. Qd2 {[#]Analysis Diagram} Qb6 {has also been played, and may be best.}
(12... Rfd8 13. Nd4 Kh8 14. f4 h6 15. h4 $1 Rac8 16. g4 $1 Nxe4 $2 {the young
Tal doesn't withstand the pressure, and meets an in-form Lutikov.} (16... Kg8
17. Bxf6 Bxf6 18. g5 {with initiative.}) 17. Rxe4 $1 hxg5 18. Nxc6 Rxc6 19.
hxg5 $18 Kg8 20. Rh1 Bxg5 21. fxg5 d5 22. Rd4 e5 23. g6 $4 (23. Qh2 $18) 23...
Rxg6 (23... exd4 $19) 24. Nxd5 Rxd5 25. Qxa5 {1-0 Lutikov,A-Tal,M Riga, 1955.})
(12... Qa6 13. Nd4 b5 14. f3 Rfc8 15. g4 Be8 16. Nce2 Rc4 17. b3 Rc7 18. Ng3
Rac8 19. Rc1 Rc3 (19... h6 $1 20. Bxh6 gxh6 21. Qxh6 Nh7 $8 22. Nh5 Bf8 $15)
20. Nh5 $1 b4 $2 21. Nxg7 $1 $18 Qa3 22. Nxe8 $1 (22. Ndf5 $3) 22... R8c5 23.
Nxf6+ Bxf6 24. Bxf6 Ra5 25. Qg5+ $8 Rxg5 26. Bxg5 {White has a RBNP for the Q.}
Rc5 27. Bd8 $8 Kf8 (27... Rc8 28. Bf6 Rc5 29. Re2 Ra5 30. c4 $18) 28. Re2 $1
Ke8 29. Bf6 {1-0 Zhigalko,S (2656)-Shirov,A (2709) Jurmala, 2013.})) 5. c4 Nc6
6. Qe3 {[#] e3 seems like a strange position for the queen but White will
develop via b3 and Bb2.} g6 7. h3 {Stopping ...Bg4 and ...Ng4 ideas.} Bg7 8.
Be2 Nf6 9. O-O O-O 10. Nc3 (10. Rd1 {is the main move, threatening e5 and
forcing Black to make an early decision on how to develop his pieces.} Nd7 11.
Nc3 Nc5 12. Rb1 a5 13. b3 {was played two months later in the PRO League: 0-1 
(55) Kleinman,M (2289)-Pichot,A (2556) chess.com INT 2017}) 10... Be6 11. Rd1
Nd7 {[#] With possible ideas of ...Ne5, ...Nc5, and ...Qb6. Black's main
problem is the lack of space so trading off pieces would be good for him.} 12.
b3 (12. Rb1 {might have been stronger -- getting off the a1–h8 diagonal and
planning an immediate b4 to seize initiative on the queenside.} Rc8 13. b4 Bxc4
$1 {Black needs to find this move otherwise White will have a lot of binding
pressure.} 14. Bxc4 Nce5 15. Nxe5 (15. Bxf7+ Nxf7 16. Nd5 e6 17. Nf4 Re8 $13)
15... Bxe5 $8 16. Qd3 Nb6 17. Bxf7+ Rxf7 18. Nd5 e6 19. Nxb6 Qxb6 20. Be3 Qb5
$11) 12... Qa5 {I considered trading off queens to relieve some pressure, but
the knight on b6 would be awkwardly placed and need to be relocated. ...Qa5
also seemed to lead to more complex positions and chances for both sides.} (
12... Qb6 13. Qxb6 Nxb6 14. Bd2 $11) 13. Bb2 Rfc8 {[#] Preparing for ...b5
ideas.} 14. Na4 {Kleinman wanted to get out of the annoying pin and trade off
the important g7 bishop in hopes of a possible future kingside attack. However,
after the trade, Black obtains a comfortable position where he can utilize the
dark squares.} (14. Rab1 b5 15. Nd5 Bxb2 16. Rxb2 bxc4 17. Bxc4 Bxd5 18. Bxd5
e6 19. Bc4 $14) 14... Bxb2 15. Nxb2 b5 16. cxb5 {Black is not afraid of
trading off the e6 bishop because the resulting pawn structures will better
due to the bad bishop on e2.} (16. Ng5 Nc5 17. Nxe6 Nxe6 $11) 16... axb5 17.
Nd3 b4 {Fixing the White queenside.} 18. Qh6 {[#] The start of a faulty plan.
Even without the dark-squared bishop, Black has enough resources to defend.
Meanwhile with all the White pieces migrating to the kingside, the queenside
will be left powerless.} Qb6 $5 {The move that I spent the longest time on in
the game. First of all, it clears the a-file for the rook to bear down on the
a2-pawn. Secondly, it offers Nd4 defensive ideas. Thirdly, in lines where
White trades off the e6 bishop, the f-file is opened and the Queen eyes the f2
pawn. Finally, future f2-f4 ideas are stopped.} 19. Nf4 ({editor -} 19. Ng5 Nf8
$8 $11) 19... Nce5 20. Ng5 Nf8 {[#] The White attack has been stopped and now
Black has serious threats with ...Rc2.} 21. Rac1 $6 ({Trying to complicate the
position and continue the attack, but at this point it is better just to step
back and go on the defense.} 21. Nfxe6 fxe6 22. Rd2 Rc3 $13) 21... Rc3 {
Nullifying possible tactics and threatening ...Rxa2.} (21... Rxc1 $2 22. Rxc1
Rxa2 $2 23. Nfxe6 fxe6 24. Rc8 $18 {and Black gets mated.}) 22. Nfxe6 fxe6 {[#]
} 23. Rxc3 $2 {Now Black is winning; the White queenside is about to collapse
and the White pieces are still stuck on the kingside.} (23. a4 $1 Rxb3 24. Bb5
Rb2 ({editor -} 24... Rc3 $142 $1) 25. Rf1 $8 $13) 23... bxc3 24. a4 Qxb3 25.
f4 c2 26. Rf1 Qe3+ 1-0